000 00435nam a2200157Ia 4500
008 220531s9999 xx 000 0 und d
041 _amar
100 _aजोशी आणि भिंगारे
_937687
245 _aआज्ञापत्र आणि राजनिती
260 _bContinental
_c2011
300 _a90
542 _d07-11-2001
650 _aGenral
_937688
906 _d2001-2002
999 _c22891
_d22891